Statistics for WWE Superstars

Click here to take the quiz!

General Stats

  • This quiz has been taken 510 times
  • The average score is 12 of 15

Answer Stats

Hint Answer % Correct
TombstoneUndertaker
96%
Attitude AdjustmentJohn Cena
96%
RKORandy Orton
95%
Walls of Jericho/CodebreakerChris Jericho
91%
PedigreeTriple h
91%
Brouge KickSheamus
89%
Cross RhodesCody Rhodes
89%
Sweet Chin MusicShawn Michaels
87%
F-5Brock Lesnar
85%
Go To SleepCm Punk
85%
ShellshockRyback
77%
Kill SwitchChristian
66%
OHH FUNK IT!Brodus Clay
53%
Dream StreetTed DiBiase
39%
Shout OutJTG
25%

Score Distribution

Percentile by Number Answered

Percent of People with Each Score

Your Score History

You have not taken this quiz